Love Interests in Assassin's Creed Games - Statistics

General Stats
  • This quiz has been taken 58 times
  • The average score is 8 of 19
Answer Stats
Group Context Love Interest % Correct
Bayek Wife, gave birth to Bayek's son Khemu Aya
80%
Ezio Auditore Adolescent crush, married another man believing Ezio had died Christina Vespucci
68%
Arno Dorian Childhood crush, eventually developed a genuine relationship Élise de la Serre
68%
Ezio Auditore Wife, gave birth to Ezio's daughter Flavia and son Marcello Sofia Sartor
68%
Evie Frye Long-time crush, eventually married Henry Green
63%
Edward Kenway Estranged wife, gave birth to Edward's daughter Jennifer Caroline Scott-Kenway
53%
Altaïr ibn La'Ahad Wife, gave birth to Altaïr's sons Darim and Sef Maria Thorpe
53%
Ezio Auditore Casual partner, courted Ezio for political reasons Caterina Sforza
50%
Edward Kenway Platonic partner, bonded with Edward over mutual lost friends Anne Bonny
45%
Ezio Auditore One-time love interest, erstwhile enemy Lucrezia Borgia
38%
Ezio Auditore Casual partner, ally to Ezio while in Venice Rosa
38%
Kassandra Casual partner (name any romancable NPC) Alkibiades / Kyra / Daphnae etc.
33%
Kassandra Casual partner, former member of the Cult of Kosmos Aspasia
33%
Eivor Varinsdottir Casual partner, resident of Ravensthorpe Randvi / Petra
30%
Kassandra Casual partner in Elysium / Atlantis (name any romancable NPC) Adonis / Elpis
20%
Kassandra Husband, father of Kassandra's son Elpidios Natakas
20%
Jacob Frye Casual partner, relationship soon became strained Maxwell Roth
18%
Aveline de Grandpré Semi-platonic crush, knew Aveline since their childhood Gérald Blanc
13%
Eivor Varinsdottir Casual partner (name any romancable NPC) Broder / Ciara ingen Medba
10%
No matching quizzes found
Score Distribution
Percent of People with Each Score
Percentile by Number Answered
Your Score History
You have not taken this quiz